Statistics for Geography in Numbers

Click here to take the quiz!

General Stats

  • This quiz has been taken 75 times
    (65 since last reset)
  • The average score is 8 of 18

Answer Stats

QuestionAnswer% Correct
Capitals of South Africa.3
86%
Height of Mount Everest.8,848 m (29,028 ft)
78%
Rivers in Saudi Arabia.0
76%
Rivers in South America that are over 4000 km in length.1
71%
U.S. states that are bigger by area than Rhode Island.49
60%
Population of Iceland.341,000
52%
Countries where Equator runs through their land.11
48%
States in Australia.6
46%
Countries bordering Germany.9
44%
World population.7,798,000,000
43%
Megacities (cities > 10 million) in China.5
35%
United Nations member states.193
33%
Countries where English is an official language.58
33%
Population of Moscow.17,000,000
32%
Mediterranean islands that are over 10,000 sq km.2
24%
Countries with over 100 million population.14
22%
Official languages of Bolivia.36
14%
Top 100 highest mountains outside Asia.0
2%

Score Distribution

Percentile by Number Answered

Percent of People with Each Score

Your Score History

You have not taken this quiz since the last reset